Score 0/50 Timer 08:00
2 Plays Today
% Correct
Tiger King
86.5%
Britains Got Talent
85.5%
Who Wants to Be a Millionaire?
84.5%
Jeopardy!
83.4%
Dancing with the Stars
83.4%
Hannah Montana
82.7%
The Clone Wars
82.5%
Magnum P.I.
82.2%
Sherlock
81.9%
Days of Our Lives
81.1%
Making a Murderer
80.9%
SmackDown
80.6%
The Suite Life of Zack & Cody
78.4%
The X-Factor
78.4%
The Voice
78%
Raw
78%
The Lizzie McGuire Show
76.4%
Voyager
76.4%
Spongebob Squarepants
76.1%
Enterprise
74.9%
Ewoks
74.5%
Dancing On Ice
74.4%
Deep Space Nine
73.9%
Drake and Josh
73.9%
Droids
73.8%
% Correct
Mastermind
72.1%
The Young and the Restless
71.8%
That's So Raven
71.6%
Picard
71.6%
Elementary
70.3%
Rebels
69.3%
Coronation Street
68.8%
Eastenders
68.2%
Veronica Mars
66%
NXT
65.6%
Impact
64.1%
Discovery
63.2%
Neighbours
62.8%
Girl Meets World
61%
Formula 1 Drive to Survive
60.9%
Resistance
58.1%
The Chase
58%
Teenage Mutant Ninja Turtles
57.2%
The Devil Next Door
57%
Nicky, Ricky, Dicky & Dawn
52.7%
Sunderland 'Til I Die
49.9%
Dynamite
45.6%
Are You Afraid of the Dark?
45%
Pointless
40.2%
Strike
14.2%
Remove Ads.
Support Sporcle.
Get the best of Sporcle when you Go Orange. This ad-free experience offers more features, more stats, and more fun while also helping to support Sporcle. Thank you for becoming a member.

You're not logged in!

Compare scores with friends on all Sporcle quizzes.
OR
Log In

Sporcle TV

Today on Sporcle TV


Watch our educational content, quiz creation guides, and fun videos on Sporcle TV.

Show Comments

Extras

Top Quizzes Today


Score Distribution

Paid Content

Your Account Isn't Verified!

In order to create a playlist on Sporcle, you need to verify the email address you used during registration. Go to your Sporcle Settings to finish the process.

Report this User

Report this user for behavior that violates our Community Guidelines.

Details: